000 00540cam a22001694a 4500
005 20250901165423.0
008 010420s2001 dcua b 001 0 eng
010 _a 2001090212
020 _a0874208688
050 0 0 _aHD255 .S36 2001
_b.S36 2001
082 0 0 _a333.33/0973
_222
100 1 _aSchmitz, Adrienne.
245 1 0 _aReal estate market analysis :
_ba case study approach /
_cAdrienne Schmitz, Deborah L. Brett.
260 _aWashington, D.C. :
_bUrban Land Institute,
_cc2001.
300 _axi, 243 p. :
_bill. ;
_c26 cm.
942 _2ddc
999 _c3690
_d3690